000 00445nam a2200169Ia 4500
008 230917s9999||||xx |||||||||||||| ||und||
020 _cRS545
040 _e237981
_aMAIN
041 _aEnglish
082 _a809.89287 R538L
100 _aRobbins, Ruth
245 0 _aLiterary feminisms
260 _aNew York
_bPalgrave Publishers
_c2017
300 _axii, 290 p.
500 _a2608 13/02/2017 UBC17/7487 16/02/2017 Main Budget
942 _cBK
999 _c21383
_d21383